| 000 | 02768nam0a2200409 4500 | ||
|---|---|---|---|
| 001 | RU\NLR\BIBL_A\012421281 | ||
| 005 | 20210111153207.0 | ||
| 010 |
_a978-5-6044957-0-4 _9500 |
||
| 021 |
_aRU _bКН-П-20-051020 _9КН-П-20-3838 |
||
| 035 | _a(NLR Aleph) 012421281 | ||
| 035 | _a(RuMoRGB)010410439 | ||
| 090 |
_a11827639 _c11827639 |
||
| 100 | _a20201215d2020 u y0rusy50 ca | ||
| 101 | 0 | _arus | |
| 102 | _aRU | ||
| 105 | _a |||zzzz000zy | ||
| 181 | 0 |
_ai _baxxe |
|
| 182 | 0 | _an | |
| 200 | 1 |
_aОсновы судебной экспертизы объектов дикой флоры и фауны _eучебное пособие _fАНО "Центр "Амурский тигр", Федеральное бюджетное учреждение Российский федеральный центр судебной экспертизы при Министерстве юстиции Российской Федерации, Федеральное государственное бюджетное учреждение науки Институт проблем экологии и эволюции им. А. Н. Северцова _g[Арамилев Сергей Владимирович и др. _gпод редакцией доктора юридических наук, профессора С. А. Смирновой, доктора биологических наук О. Ф. Черновой] |
|
| 203 |
_aТекст _bвизуальный _cнепосредственный |
||
| 210 |
_aМосква _cПеро [и др.] _d2020 |
||
| 215 |
_a387 с. _cил., портр., табл., цв. ил. _d22 |
||
| 300 | _aНа обл. авт.: Арамилев С. В., Гулевская В. В., Нилова М. В. [и др.] | ||
| 320 | _aБиблиогр.: с. 336-353 и в подстроч. примеч. | ||
| 333 | _aДля служебного пользования | ||
| 606 | 1 |
_aСудебно-биологическая экспертиза _jУчебные издания для высших учебных заведений _91728072 _3RU\NLR\AUTH\661068601 |
|
| 686 | 1 | _aХ629.341.315я73 | |
| 686 | 1 | _aХ629.411я73 | |
| 702 | 1 |
_aАрамилев _bС. В. _gСергей Владимирович _4220 |
|
| 702 | 1 |
_4570 _7ca _8rus _aСмирнова _bС. А. _cд-р юрид. наук, канд. хим. наук _f1950- _gСветлана Аркадьевна _923070 _3RU\NLR\AUTH\7740118 |
|
| 712 | 0 | 2 |
_4570 _a"Амурский тигр", центр _cМосква _9661796 _3RU\NLR\AUTH\880500984 |
| 942 | _cBOOK | ||
| 980 | _aNBR | ||
| 980 | _aNB | ||